Statistics for CREEPYPASTA QUIZ

Click here to take the quiz!

General Stats

  • This quiz has been taken 136 times
    (134 since last reset)
  • The average score is 16 of 36

Answer Stats

Catchphrase/descriptionCreepypasta% Correct
Go to SLEEPJeff the Killer
94%
You can't spell slaughter without laughter!Laughing Jack
83%
Just empty, black socketsEyeless Jack
80%
Don't go to sleep, you won't wake upJane the killer
78%
Hooded killerHoodie
77%
Do you like nature, Child?Slenderman
77%
Masked killerMasky
75%
You shouldn't have done thatBEN drowned
70%
Spead the wordSmile Dog
65%
Who needs a social life when you have the voices in your head to keep you company?Ticci Toby
62%
Daughter of ZalgoLazari
59%
HE COMESZalgo
58%
Your time is upClockwork
57%
I AM GODSonic.exe
54%
Don't be excited about tomorrow, because there will be no tomorrowBloody Painter
51%
Give me your eyesLulu
49%
He is ___ ____The Rake
49%
Makes stuffed animals, dolls, wax figures...Jason the toymaker
45%
He died...Lost silver
45%
Play with meSally Williams
45%
Pop goes the weasel!Laughing Jill
42%
Go to sleep my PrinceNina the killer
39%
遊びたいか, おまえ?(Do you want to play?)Kagekao
29%
Joyful fruitHappy Appy
28%
Skeleton MarionetteSkin Taker
28%
Real suffering is not knownSuicide mouse
28%
I shall sentence you...Judge Angels
26%
It's a wonderful day to kill!Homicidal Liu
25%
Dream while you're wide awakeCandy Pop
23%
I'm your only friend...Puppeteer
23%
Human but not quite...BOB
22%
I have a new game we can play!Mr. Widemouth
17%
You are coming with me… foreverTails doll
13%
First CreepypastaTed the Caver
10%
Nobody saw it comingNathan the nobody
9%
Let's get you fixed up!Nurse Ann
9%

Score Distribution

Percentile by Number Answered

Percent of People with Each Score

Your Score History

You have not taken this quiz since the last reset